Vybrané aspekty ohodnocovania nehmotného majetku

Na minha lista:
Detalhes bibliográficos
Autor principal: Jakubec, Miroslav
Outros Autores: Kardoš, Peter
Formato: Capítulo de Livro
Idioma:eslovaco
Tags: Adicionar Tag
Sem tags, seja o primeiro a adicionar uma tag!

MARC

LEADER 00000naa$a2200000$$$4500
001 0060797
005 20240502071656.7
041 0 |a slo 
044 |a SK 
245 1 0 |a Vybrané aspekty ohodnocovania nehmotného majetku  |c Miroslav Jakubec, Peter Kardoš 
100 1 |a Jakubec, Miroslav 
700 1 |a Kardoš, Peter